000 00608nam a2200241Ia 4500
003 OSt
005 20221005124225.0
006 a|||||r|||| 00| 0
007 ta
008 221004b |||||||| |||| 00| 0 eng d
024 _a32177
037 _cTextual
040 _aCRL
_cCRL
_beng
041 _2eng
_aeng
082 _a9046g, L1
100 _aAdams Michael Ed
_9634872
245 0 _aMiddle East
_bA handbook.
260 _c1971
490 _a(Handbooks to the modern world,).
650 _aGENERALIA
942 _h9046g, L1
_cTEXL
_2cc
999 _c1049790
_d1049790